| 000 | 00000nam##2200000za#4500 |
| 001 | 9.674006 |
| 003 | CaOODSP |
| 005 | 20210615132012 |
| 007 | ta |
| 008 | 150407|2014||||xxc||||| f|0| 0 fre|d |
| 020 | |a978-1-100-54842-5 |
| 040 | |aCaOODSP|bfre |
| 041 | |aeng |
| 041 | |afre |
| 043 | |an-cn--- |
| 086 | 1 |aFA1-2014/2-0 |
| 110 | 1 |aCanada. |bBureau du vérificateur général. |
| 245 | 10|aRapport de la vérificatrice générale du Canada. Annexe : |bcoût des audits des sociétés d'État |
| 260 | |aOttawa - Ontario : |bBureau du vérificateur général du Canada |cAutomne 2014. |
| 300 | |aTexte français, 3p. : |btableaux ; |c28 cm. |
| 563 | |aCouverture souple |
| 590 | |a15-03|b2015-01-16 |
| 791 | |tReport of the Auditor General of Canada. Appendix : |eeng|w(CaOODSP)9.674005 |